[Event "Stare Mesto op"]
[Site "Stare Mesto"]
[Date "2010.08.18"]
[Round "7"]
[White "Rajnys, Vladimir"]
[Black "Erdelyi, Michael"]
[Result "1-0"]
[WhiteElo "2078"]
[BlackElo "1895"]
[PlyCount "53"]
[EventDate "2010.08.13"]
[EventType "swiss"]
[EventRounds "10"]
[EventCountry "CZE"]
[SourceTitle "CBM 138 Extra"]
[Source "ChessBase"]
[SourceDate "2010.10.29"]
[SourceVersion "1"]
[SourceVersionDate "2010.10.29"]
[SourceQuality "1"]

1. e4 c5 2. Nc3 e6 3. d3 Nc6 4. g3 Nf6 5. Bg2 Be7 6. f4 d6 7. Nf3 e5 8. 0-0 exf4 9. Bxf4 0-0 10. Kh1 Bg4 11. Qd2 Bxf3 12. Bxf3 Ne5 13. Bg2 Qb6 14. a3 Rac8 15. Bg5 Qd8 16. Rf5 g6 17. Rff1 Nd5 18. Bh6 Nxc3 19. Bxf8 Nxe4 20. Bxe4 Qxf8 21. c3 h6 22. Bxb7 Rb8 23. Bd5 Bg5 24. Qe2 Re8 25. Rae1 Re7 26. Qd1 Kg7 27. d4 1-0

[Event "Stare Mesto op"]
[Site "Stare Mesto"]
[Date "2010.08.16"]
[Round "5"]
[White "Senkyr, Martin"]
[Black "Erdelyi, Michael"]
[Result "1-0"]
[WhiteElo "2153"]
[BlackElo "1895"]
[PlyCount "57"]
[EventDate "2010.08.13"]
[EventType "swiss"]
[EventRounds "10"]
[EventCountry "CZE"]
[SourceTitle "CBM 138 Extra"]
[Source "ChessBase"]
[SourceDate "2010.10.29"]
[SourceVersion "1"]
[SourceVersionDate "2010.10.29"]
[SourceQuality "1"]

1. e4 c5 2. Nf3 e6 3. d4 cxd4 4. Nxd4 a6 5. Bd3 Bc5 6. Nb3 Ba7 7. 0-0 Qc7 8. Nc3 d6 9. Qg4 g6 10. Kh1 Nf6 11. Qh4 Nbd7 12. Bg5 Nh5 13. Rad1 h6 14. Be7 f6 15. Bxd6 Qxd6 16. e5 Qxe5 17. Bxg6+ Ke7 18. Bxh5 Rg8 19. Nd5+ Kf8 20. Nf4 Qf5 21. Rfe1 Ne5 22. Rxe5 Qxe5 23. Ng6+ Rxg6 24. Bxg6 Qg5 25. Qb4+ Kg7 26. Be4 f5 27. Bxb7 Qh5 28. Qe7+ Kg6 29. Qe8+ 1-0

[Event "Brezova op"]
[Site "Brezova pod Bradlom"]
[Date "2009.08.24"]
[Round "4"]
[White "Sosovicka, Juraj"]
[Black "Erdelyi, Michael"]
[Result "1-0"]
[WhiteElo "2060"]
[BlackElo "1879"]
[PlyCount "61"]
[EventDate "2009.08.22"]
[EventType "swiss"]
[EventRounds "9"]
[EventCountry "SVK"]
[SourceTitle "CBM 132 Extra"]
[Source "ChessBase"]
[SourceDate "2009.11.03"]
[SourceVersion "1"]
[SourceVersionDate "2009.11.03"]
[SourceQuality "1"]

1. e4 e6 2. d4 d5 3. Nc3 Bb4 4. e5 c5 5. a3 Bxc3+ 6. bxc3 c4 7. Qg4 g6 8. h4 h5 9. Qf4 Nh6 10. Nh3 Nc6 11. Ng5 Qe7 12. a4 Kd8 13. Ba3 Qe8 14. Qf6+ Kc7 15. Bd6+ Kb6 16. a5+ Ka6 17. Kd2 Nxa5 18. Be2 b6 19. Rhb1 Bd7 20. Bb4 Bb5 21. Ke1 Rc8 22. Qf4 Nf5 23. Qc1 Nxh4 24. Qa3 Qd8 25. Nxf7 Nxg2+ 26. Kd1 Qc7 27. Bxa5 bxa5 28. Qb4 Rb8 29. Nxh8 Qb6 30. Nf7 Rf8 31. Qxf8 1-0